000
00287cam a22001097a 4500
008
180718b1976 xxu||||| |||| 00| 0 eng d
082
_a
I548 Am35
245
_a
Freedom of the Press
260
_a
Washington, D.C.
_b
AEI for Public Policy Research
_c
1976
300
_a
101p.
650
_a
Press
999
_c
339425
_d
339425